LEADER 00794nam a2200205 i 4500 001 000000042163 003 CaOOAMICUS 005 19950518000000.0 008 950518n it u000 u ita u 013 $a13333 040 $aSeMil$bita 245 10$aMilano durante il fascismo, 1922-1945. 650 4$aMilano - Storia - Sec. 20.$0(OLS)http://semarc/subject/7354 700 1 $aRumi, Giorgio ,$d<1938-2006>.$0(OLS)http://semarc/name/10288 700 1 $aCova, Alberto,$d<1932- >.$0(OLS)http://semarc/name/15366 700 1 $aVercelloni, Virgilio.$0(OLS)http://semarc/name/20804 850 $aSeMil 852 $aSeMil$W1$xVenegono$y1$m5N X 4$j8318$B8318$CSeMilBibl$Z2$F8318 $8I 961 $aOmaggio: Donazione 996 $6245$aMilano durante il fascismo, 1922-1945$9(OLS)http://semarc/title/61383 LEADER 01078nam a2200217 i 4500 001 000000195199 003 CaOOAMICUS 005 20101203000000.0 008 101203n it u000 u ita u 013 $a173865 040 $aSeMil$bita 245 10$aFede e civiltà a Varese :$bAtti del Convegno organizzato in occasione del 20. Congresso Eucaristico Nazionale : Varese, Villa Ponti, 30 aprile 1983 /$cA cura di Gianfranco Garancini. 260 $aVarese :$bEdiluce,$c[1983?] 300 $a71 p. ;$c24 cm. 650 4$aCongressi Eucaristici - Varese - 1983 - Atti.$0(OLS)http://semarc/subject/46556 700 1 $aGarancini, Gianfranco.$0(OLS)http://semarc/name/6563 850 $aSeMil 852 $aSeMil$W1$xVenegono$y1$m5A XII 7/45$j145768$B145768$CSeMilBibl$Z2$F157313 $81 961 $aOmaggio: Altro 996 $6245$aFede e civiltà a Varese :$bAtti del Convegno organizzato in occasione del 20. Congresso Eucaristico Nazionale : Varese, Villa Ponti, 30 aprile 1983$9(OLS)http://semarc/title/281567 996 $6260$aVarese :$bEdiluce$9(OLS)http://semarc/publisher/30730